000 00665nam a2200217 i 4500
001 184040
003 ES-MaACL
005 20250909203531.0
008 150224s2014 sp |||| | spa d
020 _a978-84-941800-3-3
080 _a821.134.2-31"19"
100 1 _aYoldi, José (
_d1954-)
_9156438
245 1 3 _aEl enigma Kungsholm /
_cJosé Yoldi ; [prólogo, Baltasar Garzón Real].
250 _a1ª ed.
260 _aMadrid :
_bMong,
_c2014.
300 _a320 p. ;
_c21 cm.
700 1 _aGarzón, Baltasar,
_d1955-
_955817
852 _aES-MaACL
_jA-13412
_9191006
_bR.150283
_cDEPO1
_dOlim: N-6412
942 _2udc
_cMONOGRAFIA
999 _c184040
_d184040